[Event "CRO-ch U13"]
[Site "Trogir"]
[Date "2020.08.29"]
[Round "9"]
[White "Benic, Borna"]
[Black "Friedrich, Ivan"]
[Result "0-1"]
[WhiteElo "1125"]
[BlackElo "1397"]
[PlyCount "44"]
[EventDate "2020.08.24"]
[EventType "swiss"]
[EventRounds "9"]
[EventCountry "CRO"]
[SourceTitle "CBM 198 Extra"]
[Source "ChessBase"]
[SourceDate "2020.11.30"]
[SourceVersion "1"]
[SourceVersionDate "2020.11.30"]
[SourceQuality "1"]

1. e4 c6 2. Nc3 d5 3. d4 dxe4 4. Nxe4 Bf5 5. Ng3 Bg6 6. Bc4 Qc7 7. Nf3 Nd7 8. 0-0 e6 9. Re1 0-0-0 10. Be3 Bd6 11. Qd2 h6 12. Rad1 Bh7 13. Bd3 f5 14. Ne2 g5 15. g3 Ngf6 16. c4 Rhg8 17. Kf1 Rg7 18. c5 Be7 19. a4 Nd5 20. Ra1 N7f6 21. Reb1 Nh5 22. a5 f4 0-1